Latidos de la savia = U kukuláankilo'ob k'aab /

Kaydedildi:
Detaylı Bibliyografya
Yazar: Villegas, Wildernain (autor)
Materyal Türü: Kitap
Dil:İspanyolca
Baskı/Yayın Bilgisi: México : UAM Cuajimalpa, 2024, c2024
Seri Bilgileri:(Colección Ecocrítica)
Konular:
Etiketler: Etiketle
Etiket eklenmemiş, İlk siz ekleyin!

MARC

LEADER 00000nam^a2200000^a^4500
001 000628935
005 20260302000000.0
009 20260407175333.821
020 |a 978-607-28-3260-2 
020 |a 978-607-28-3259-6 
037 |a Acervo ITESO - Biblioteca 
041 |a ESP 
082 |a 897. 4152  |b VIL 
100 |a Villegas, Wildernain  |e (autor) 
245 1 0 |a Latidos de la savia =  |b U kukuláankilo'ob k'aab /  |c W. Villegas. 
264 4 |a México :  |b UAM Cuajimalpa,  |c 2024, c2024 
300 |a 105 p. 
336 |a texto  |b txt  |2 rdacontenido 
337 |a sin mediación  |b n  |2 rdamedio 
338 |a volumen  |b nc  |2 rdasoporte 
440 1 |a (Colección Ecocrítica) 
521 |a FIL 2025 DIA 
546 |a Edición bilingüe español-maya 
649 |a XX 
650 |a Poesía Maya 
650 |a Poesía Indígena -  |z México 
650 |a Poesía Mexicana 
650 |a Naturaleza en la Literatura -  |z México 
650 |a Literatura Maya -  |y Siglo XXI 
650 |a Literatura Mexicana -  |y Siglo XXI 
740 0 |a U kukuláankilo'ob k'aab /  |c W. Villegas. 
910 |a Fondo General 
920 |a Impresos - Libros 
930 |a Colección General 
940 |a Literatura 
905 |a 101 
901 |a 628935-10  |b IT1  |c LIT  |i C192492  |u 20260302 
902 |a https://opac.biblio.iteso.mx/vufind/Record/000628935